00482nmm a2200169Ia 4500008004100000020001800041041000800059100002200067245004500089264004200134300001800176490001400194650002900208856005100237942000700288999001700295251105s9999||||xx |||||||||||||||||und|| a9788490078952 aspa aOrrego Luco, Luis 0aCasa Grande. Escenas de la vida en Chile a[Madrid, España] :bLinkgua, c2016 a314 páginas aNarrativa aLatin American narrative uhttps://public.digitaliapublishing.com/a/48733 cCF c87361d87361